[Event "XXIX Miedzynarodowy Festiwal Szachowy CRACOVIA-2018 Grupa B"]
[Site "Krakow, Hotel Galaxy, ul. Gesia 22a"]
[Date "2018.12.29"]
[Round "3.55"]
[White "Barchuk, Irina"]
[Black "Kruczynski, Marek"]
[Result "1-0"]
[WhiteElo "2023"]
[BlackElo "1744"]
[PlyCount "119"]
[EventDate "2018.??.??"]

1. e4 b6 2. d4 Bb7 3. Bd3 Nf6 4. Nc3 e6 5. Bg5 h6 6. Bh4 Bb4 7. f4 Qc8 8. Bxf6
gxf6 9. f5 c5 10. d5 e5 11. Qg4 d6 12. Nh3 Ke7 13. O-O Bxc3 14. bxc3 c4 15. Be2
Ba6 16. Rf3 Nd7 17. Nf2 Qc5 18. Rh3 Rag8 19. Qf3 Rg5 20. Kh1 h5 21. Rh4 Rhg8
22. g3 Qa3 23. Rxh5 Rxh5 24. Qxh5 Qxc3 25. Rg1 Qxc2 26. a3 Nc5 27. Qf3 c3 28.
Bxa6 Nxa6 29. Qe3 Rc8 30. Rc1 Qb2 31. Nd1 Qxa3 32. Rxc3 Rxc3 33. Qxc3 Qxc3 34.
Nxc3 Nc5 35. Kg2 a6 36. Kf3 b5 37. Ke3 b4 38. Nd1 a5 39. Nf2 a4 40. Kd2 a3 41.
Kc1 b3 42. Kb1 b2 43. Ka2 Nb3 44. Nd1 Nd2 45. Nc3 Kf8 46. Nb1 Nxe4 47. Kxa3 Kg7
48. Kxb2 Kh6 49. Kc2 Kg5 50. Na3 Kxf5 51. Kd3 Nc5+ 52. Ke3 e4 53. Nc4 Kg4 54.
Nxd6 f5 55. Nxf7 Kh3 56. Nh6 Kxh2 57. Nxf5 Kh3 58. Kf4 Nd7 59. g4 Nf6 60. Ne3
1-0

[Event "XXIX Miedzynarodowy Festiwal Szachowy CRACOVIA-2018 Grupa B"]
[Site "Krakow, Hotel Galaxy, ul. Gesia 22a"]
[Date "2018.12.29"]
[Round "3.56"]
[White "Czyzykiewicz, Rafal"]
[Black "Holzleithner, Johannes"]
[Result "1-0"]
[WhiteElo "1730"]
[BlackElo "2008"]
[PlyCount "57"]
[EventDate "2018.??.??"]

1. e4 e6 2. d4 d5 3. Nc3 Bb4 4. e5 Ne7 5. f4 c5 6. Bd2 Nbc6 7. Nb5 Bxd2+ 8.
Qxd2 Nxd4 9. Nxd4 cxd4 10. Nf3 Bd7 11. Nxd4 Qb6 12. c3 O-O 13. Be2 f6 14. exf6
Rxf6 15. O-O-O a5 16. Kb1 a4 17. g4 Qc7 18. Rhf1 Raf8 19. f5 exf5 20. Qe3 Nc6
21. Nb5 Qb8 22. Rxd5 Be6 23. Rd6 Bxa2+ 24. Kxa2 Rxd6 25. Bc4+ Kh8 26. Nxd6 Qxd6
27. Rxf5 Rxf5 28. gxf5 h6 29. Qe8+ 1-0

[Event "XXIX Miedzynarodowy Festiwal Szachowy CRACOVIA-2018 Grupa B"]
[Site "Krakow, Hotel Galaxy, ul. Gesia 22a"]
[Date "2018.12.29"]
[Round "3.57"]
[White "Pilch, Anna"]
[Black "Wnek, Filip"]
[Result "1-0"]
[WhiteElo "1838"]
[BlackElo "1735"]
[PlyCount "133"]
[EventDate "2018.??.??"]

1. e4 c5 2. Nf3 Nc6 3. d4 cxd4 4. Nxd4 e5 5. Nb5 d6 6. N1c3 a6 7. Na3 b5 8. Nd5
Nge7 9. c4 Nxd5 10. cxd5 Nd4 11. Nc2 Bg4 12. Qd3 Nxc2+ 13. Qxc2 Be7 14. Be2 Rc8
15. Qd3 Bxe2 16. Qxe2 O-O 17. O-O Qa5 18. Be3 Rc4 19. Qd3 Qb4 20. b3 Rc7 21.
Bd2 Qa3 22. Bc1 Qc5 23. Be3 Qc2 24. Qxc2 Rxc2 25. Rfc1 Rfc8 26. g3 Kf8 27. Kf1
Ke8 28. Ke1 Kd7 29. Kd1 Rxc1+ 30. Rxc1 Rxc1+ 31. Kxc1 g6 32. Kd2 Bd8 33. h3
Ba5+ 34. Ke2 Ke7 35. g4 f6 36. f4 Kf7 37. g5 Bd8 38. gxf6 Kxf6 39. Kf3 Bc7 40.
Kg4 h5+ 41. Kf3 Bd8 42. Bf2 exf4 43. Kxf4 g5+ 44. Kf3 Ke5 45. Bg3+ Kd4 46. Bxd6
g4+ 47. hxg4 hxg4+ 48. Kf4 g3 49. Kf5 g2 50. Bh2 Bh4 51. Bg1+ Kd3 52. Kf4 Ke2
53. e5 Kf1 54. Bh2 a5 55. d6 a4 56. bxa4 bxa4 57. e6 Bf2 58. e7 Bc5 59. Ke5 Bf2
60. e8=Q Bg3+ 61. Bxg3 g1=Q 62. Qf7+ Ke2 63. Qf2+ Qxf2 64. Bxf2 Kxf2 65. Kd4 a3
66. Kc3 Ke3 67. d7 1-0

[Event "XXIX Miedzynarodowy Festiwal Szachowy CRACOVIA-2018 Grupa B"]
[Site "Krakow, Hotel Galaxy, ul. Gesia 22a"]
[Date "2018.12.29"]
[Round "3.58"]
[White "Manko, Mariya"]
[Black "Saweczko, Tomasz"]
[Result "1-0"]
[WhiteElo "1814"]
[BlackElo "1724"]
[PlyCount "45"]
[EventDate "2018.??.??"]

1. e4 e5 2. Nf3 Nc6 3. Bc4 Bc5 4. d3 h6 5. Nc3 a6 6. Be3 Bxe3 7. fxe3 Nf6 8.
O-O O-O 9. Qd2 d6 10. d4 Nxe4 11. Nxe4 d5 12. Bd3 dxe4 13. Bxe4 exd4 14. exd4
Qd6 15. c3 Bd7 16. Bc2 Ne7 17. Ne5 c5 18. Qd3 g6 19. Nxd7 Qxd7 20. dxc5 Qxd3
21. Bxd3 Rac8 22. b4 Nc6 23. Bc4 1-0

[Event "XXIX Miedzynarodowy Festiwal Szachowy CRACOVIA-2018 Grupa B"]
[Site "Krakow, Hotel Galaxy, ul. Gesia 22a"]
[Date "2018.12.29"]
[Round "3.59"]
[White "Kozlowski, Michal"]
[Black "Szlosarczyk, Hubert"]
[Result "1-0"]
[WhiteElo "1812"]
[BlackElo "1600"]
[PlyCount "59"]
[EventDate "2018.??.??"]

1. e4 e6 2. d4 d5 3. exd5 exd5 4. Bd3 Be6 5. Ne2 Nf6 6. O-O Bd6 7. Bf4 O-O 8.
Nd2 c6 9. c3 Qc7 10. Bxd6 Qxd6 11. Qc2 Nbd7 12. Ng3 c5 13. Nf3 c4 14. Bf5 Rfe8
15. Rfe1 Qf4 16. Bxe6 Rxe6 17. Rxe6 fxe6 18. Re1 Re8 19. Qa4 Qb8 20. Nh5 b5 21.
Nxf6+ gxf6 22. Qc2 Nf8 23. Nh4 Qf4 24. g3 Qg5 25. a4 bxa4 26. Qxa4 Re7 27. f4
Qg4 28. b3 cxb3 29. Qxb3 Ng6 30. Ng2 1-0

[Event "XXIX Miedzynarodowy Festiwal Szachowy CRACOVIA-2018 Grupa B"]
[Site "Krakow, Hotel Galaxy, ul. Gesia 22a"]
[Date "2018.12.29"]
[Round "3.60"]
[White "Alothman, Salem"]
[Black "Raclawicki, Kacper"]
[Result "0-1"]
[WhiteElo "1593"]
[BlackElo "1794"]
[PlyCount "95"]
[EventDate "2018.??.??"]

1. e4 c5 2. Nf3 e6 3. d4 cxd4 4. Nxd4 Qb6 5. Nc3 Bc5 6. Na4 Qa5+ 7. Nc3 Qb6 8.
Na4 Qa5+ 9. Nc3 Bxd4 10. Qxd4 Nf6 11. Be2 Nc6 12. Qe3 d5 13. exd5 Nxd5 14. Qg3
Nxc3 15. bxc3 Qe5 16. Bf4 Qf6 17. Bd6 e5 18. Rd1 Bf5 19. Ba3 Rd8 20. O-O Bxc2
21. Rxd8+ Kxd8 22. Rc1 Qg6 23. Qe3 Kc8 24. Bb5 Rd8 25. Bxc6 Qxc6 26. Qxe5 f6
27. Qe2 Bf5 28. Rd1 Rxd1+ 29. Qxd1 Qxc3 30. Qc1 Bc2 31. h3 Kd7 32. Bf8 g6 33.
Bg7 Ke6 34. Qe3+ Qxe3 35. fxe3 Kf5 36. Kf2 h5 37. h4 b5 38. Bf8 Ke4 39. Bc5 a6
40. Ke2 g5 41. Be7 Kf5 42. hxg5 fxg5 43. g3 Be4 44. a3 Kg4 45. Kf2 h4 46. Bd6
Bd5 47. Bc7 Be6 48. Bd6 0-1

[Event "XXIX Miedzynarodowy Festiwal Szachowy CRACOVIA-2018 Grupa B"]
[Site "Krakow, Hotel Galaxy, ul. Gesia 22a"]
[Date "2018.??.??"]
[Round "4.15"]
[White "Andronescu, Madalin"]
[Black "Wojciechowski, Beniamin"]
[Result "1-0"]
[WhiteElo "2070"]
[BlackElo "1845"]
[PlyCount "75"]
[EventDate "2018.??.??"]

1. e4 e6 2. d4 d5 3. Nc3 dxe4 4. Nxe4 Nd7 5. Bd3 Be7 6. Nf3 Ngf6 7. O-O O-O 8.
Re1 Nxe4 9. Rxe4 c5 10. c3 Bf6 11. Bf4 Qb6 12. Qc2 Rd8 13. dxc5 Qxc5 14. Rae1
Nf8 15. Ne5 Qe7 16. Rc4 Bxe5 17. Bxe5 f6 18. Bg3 e5 19. Rh4 g6 20. f4 Qc5+ 21.
Bf2 Qd5 22. Be4 Qxa2 23. fxe5 fxe5 24. Bc5 Qf7 25. Rf1 Qc7 26. Qb3+ Kg7 27.
Bxf8+ Rxf8 28. Rxh7+ Kxh7 29. Rxf8 Be6 30. Qxe6 Rxf8 31. Qxg6+ Kh8 32. Qh6+ Kg8
33. Bd5+ Rf7 34. Qg6+ Kf8 35. Qxf7+ Qxf7 36. Bxf7 Kxf7 37. Kf2 Kf6 38. Kf3 1-0

[Event "XXIX Miedzynarodowy Festiwal Szachowy CRACOVIA-2018 Grupa B"]
[Site "Krakow, Hotel Galaxy, ul. Gesia 22a"]
[Date "2018.??.??"]
[Round "4.19"]
[White "Bobrowski, Damian"]
[Black "Lada, Ireneusz"]
[Result "1/2-1/2"]
[WhiteElo "1597"]
[BlackElo "1944"]
[PlyCount "49"]
[EventDate "2018.??.??"]

1. e4 c6 2. d4 d5 3. exd5 cxd5 4. Bd3 Nc6 5. c3 Qc7 6. Qb3 e6 7. Nf3 Bd6 8. O-O
Nge7 9. Re1 h6 10. a4 g5 11. g3 Bd7 12. Qc2 Rc8 13. Qe2 Kf8 14. Ne5 Kg7 15. Nd2
Bxe5 16. dxe5 Ng6 17. Bxg6 fxg6 18. Nb3 Rcf8 19. Be3 b6 20. Nd4 Ne7 21. a5 Nf5
22. axb6 axb6 23. Nxf5+ gxf5 24. Ra6 Ra8 25. Rea1 {zapis nieczytelny} 1/2-1/2

[Event "XXIX Miedzynarodowy Festiwal Szachowy CRACOVIA-2018 Grupa B"]
[Site "Krakow, Hotel Galaxy, ul. Gesia 22a"]
[Date "2018.??.??"]
[Round "4.20"]
[White "Janus, Przemyslaw"]
[Black "Czechowski, Jakub"]
[Result "1-0"]
[WhiteElo "2091"]
[BlackElo "1840"]
[PlyCount "61"]
[EventDate "2018.??.??"]

1. d4 Nf6 2. c4 g6 3. Nc3 Bg7 4. e4 d6 5. f3 O-O 6. Bg5 c5 7. d5 e6 8. Qd2 exd5
9. Nxd5 Be6 10. Ne2 Bxd5 11. cxd5 h6 12. Be3 Nbd7 13. Nc3 a6 14. a4 h5 15. Be2
Rb8 16. O-O Qc7 17. Rfc1 c4 18. a5 b5 19. axb6 Nxb6 20. Rxa6 Nfd7 21. Nb5 Qc8
22. Ra7 Qd8 23. Nxd6 c3 24. Rxc3 Bxc3 25. Qxc3 Qf6 26. Qxf6 Nxf6 27. Bh6 Nc8
28. Ra6 Nxd6 29. Rxd6 Rfc8 30. Rxf6 Rxb2 31. Bf1 1-0

[Event "XXIX Miedzynarodowy Festiwal Szachowy CRACOVIA-2018 Grupa B"]
[Site "Krakow, Hotel Galaxy, ul. Gesia 22a"]
[Date "2018.??.??"]
[Round "4.22"]
[White "Skomial, Mateusz"]
[Black "Zechner, Andrea"]
[Result "1-0"]
[WhiteElo "2050"]
[BlackElo "1859"]
[PlyCount "63"]
[EventDate "2018.??.??"]

1. e4 c6 2. d4 d5 3. exd5 cxd5 4. c4 Nf6 5. Nc3 Nc6 6. Nf3 g6 7. Ne5 Be6 8.
Nxc6 bxc6 9. Qa4 Qd7 10. c5 Ne4 11. Bf4 g5 12. Be3 Rb8 13. f3 Nxc3 14. bxc3 h6
15. Bd3 Bg7 16. O-O O-O 17. f4 gxf4 18. Bxf4 Rbc8 19. Rab1 Bf5 20. Bxf5 Qxf5
21. Bxh6 Qd3 22. Rbd1 Qh7 23. Bxg7 Kxg7 24. Qxa7 Rh8 25. h3 Qh4 26. Rde1 Rhe8
27. Qd7 Kf8 28. Qf5 f6 29. Re2 Rc7 30. Rf4 Qh6 31. Rg4 Kf7 32. Qe6+ 1-0

[Event "XXIX Miedzynarodowy Festiwal Szachowy CRACOVIA-2018 Grupa B"]
[Site "Krakow, Hotel Galaxy, ul. Gesia 22a"]
[Date "2018.??.??"]
[Round "4.29"]
[White "Kosturkiewicz, Jacek"]
[Black "Beraia, Levan"]
[Result "0-1"]
[WhiteElo "1972"]
[BlackElo "1851"]
[PlyCount "94"]
[EventDate "2018.??.??"]

1. e4 d5 2. exd5 Qxd5 3. Nc3 Qa5 4. d4 Nf6 5. Nf3 c6 6. Bd2 Qc7 7. Bd3 Bg4 8.
h3 Bh5 9. Qe2 e6 10. O-O-O Bxf3 11. Qxf3 Nbd7 12. Rhe1 Be7 13. Kb1 a5 14. a4
Qb6 15. Qe3 O-O 16. g4 Ba3 17. b3 Bb4 18. Bc4 Nd5 19. Nxd5 cxd5 20. Bb5 Bxd2
21. Rxd2 Qc7 22. g5 Nb6 23. f4 Rac8 24. h4 Qd6 25. Kb2 Rc7 26. h5 Rfc8 27. Rc1
Rc3 28. Rd3 Rxd3 29. Bxd3 Qb4 30. Bb5 Nc4+ 31. Bxc4 dxc4 32. Qc3 b5 33. Qxb4
axb4 34. axb5 c3+ 35. Kb1 Rb8 36. Re1 Rxb5 37. Re5 Rd5 38. Rxd5 exd5 39. Kc1
Kf8 40. Kd1 Ke7 41. Ke2 Ke6 42. Ke3 Kf5 43. Kf3 h6 44. gxh6 gxh6 45. Kg3 Ke4
46. Kg4 f5+ 47. Kg3 Ke3 0-1

[Event "XXIX Miedzynarodowy Festiwal Szachowy CRACOVIA-2018 Grupa B"]
[Site "Krakow, Hotel Galaxy, ul. Gesia 22a"]
[Date "2018.??.??"]
[Round "4.35"]
[White "Ociepka, Tomasz"]
[Black "Planeta, Wojciech"]
[Result "0-1"]
[WhiteElo "1907"]
[BlackElo "1812"]
[PlyCount "72"]
[EventDate "2018.??.??"]

1. e4 d6 2. d4 Nf6 3. Nc3 e5 4. Nf3 Nbd7 5. Bc4 Be7 6. O-O O-O 7. Bg5 c6 8. a4
b6 9. Nh4 d5 10. exd5 cxd5 11. Ba2 Ba6 12. dxe5 Bxf1 13. exf6 Bxf6 14. Bxf6
Qxf6 15. Bxd5 Rad8 16. Qg4 Ba6 17. Nf5 Ne5 18. Qh5 Bc8 19. Ne3 g6 20. Qe2 Rfe8
21. h3 Be6 22. Rd1 Bxd5 23. Ncxd5 Qg7 24. c4 h6 25. b4 Kh8 26. c5 bxc5 27. bxc5
Rc8 28. Rc1 Nc6 29. Rb1 Ne7 30. Qc4 Nxd5 31. Nxd5 Red8 32. Rb7 Qe5 33. Ne3 Rxc5
34. Qxf7 Rc1+ 35. Nf1 Rxf1+ 36. Kxf1 Rd1# 0-1

[Event "XXIX Miedzynarodowy Festiwal Szachowy CRACOVIA-2018 Grupa B"]
[Site "Krakow, Hotel Galaxy, ul. Gesia 22a"]
[Date "2018.??.??"]
[Round "4.36"]
[White "Libura, Julianna"]
[Black "Seregina, Maria"]
[Result "1-0"]
[WhiteElo "1587"]
[BlackElo "1907"]
[PlyCount "117"]
[EventDate "2018.??.??"]

1. e4 g6 2. d4 Bg7 3. Nf3 d6 4. Nc3 a6 5. a4 a5 6. h3 e6 7. Be3 Ne7 8. Be2 O-O
9. O-O b6 10. Qd2 f5 11. Bh6 Nbc6 12. Bxg7 Kxg7 13. Rad1 Nb4 14. Rfe1 f4 15.
Bf1 h6 16. Nb5 c6 17. Na3 Qc7 18. c3 Na6 19. Qc2 g5 20. Bc4 e5 21. dxe5 dxe5
22. Rd2 Nc5 23. Red1 Ng8 24. b4 Nb7 25. Bxg8 Rxg8 26. Nc4 Re8 27. Nd6 Nxd6 28.
Rxd6 Re7 29. Nh2 Rd7 30. Rxd7+ Bxd7 31. Rd2 axb4 32. cxb4 c5 33. a5 bxa5 34.
Qxc5 Qxc5 35. Rxd7+ Qe7 36. Rxe7+ Kf6 37. Rc7 axb4 38. Rb7 Ra1+ 39. Nf1 Rb1 40.
f3 b3 41. Kf2 Rb2+ 42. Ke1 Rxg2 43. Rxb3 Ra2 44. Rb6+ Kg7 45. Re6 Ra3 46. Nd2
Ra1+ 47. Kf2 Ra2 48. Rd6 h5 49. Kg2 Rc2 50. Kf2 Ra2 51. Ke2 Ra1 52. Re6 Rh1 53.
Rxe5 Kf6 54. Rf5+ Kg6 55. Rf8 Rxh3 56. e5 Rh2+ 57. Kd3 Rh1 58. e6 Re1 59. Ne4
1-0

[Event "XXIX Miedzynarodowy Festiwal Szachowy CRACOVIA-2018 Grupa B"]
[Site "Krakow, Hotel Galaxy, ul. Gesia 22a"]
[Date "2018.??.??"]
[Round "4.37"]
[White "Jajte-pachota, Jerzy"]
[Black "Duda, Lucas"]
[Result "0-1"]
[WhiteElo "1905"]
[BlackElo "1784"]
[PlyCount "71"]
[EventDate "2018.??.??"]

1. e4 e5 2. Bc4 Nf6 3. Nc3 Nc6 4. d3 Bb4 5. Nge2 d5 6. exd5 Nxd5 7. Bd2 Be6 8.
Bb5 O-O 9. Bxc6 bxc6 10. O-O Rb8 11. a3 Be7 12. b3 f5 13. f4 Bd6 14. Nxd5 cxd5
15. fxe5 Bxe5 16. d4 Bf6 17. Bb4 Re8 18. Bc5 Rb7 19. Nf4 Bc8 20. Qf3 c6 21.
Rfe1 Re4 22. Qf2 Qe8 23. Ne2 Bg5 24. Kh1 Bd2 25. h3 Bxe1 26. Rxe1 Rd7 27. Bb4
Ba6 28. Ng3 Rxe1+ 29. Bxe1 f4 30. Nf1 Qe2 31. Nd2 Re7 32. Nf3 Qxf2 33. Bxf2 Re2
34. Be1 Rxc2 35. Bb4 Be2 36. Nd2 {zapis nieczytelny} 0-1

[Event "XXIX Miedzynarodowy Festiwal Szachowy CRACOVIA-2018 Grupa B"]
[Site "Krakow, Hotel Galaxy, ul. Gesia 22a"]
[Date "2018.??.??"]
[Round "4.43"]
[White "Manko, Mariya"]
[Black "Nasirov, Ruslan"]
[Result "1/2-1/2"]
[WhiteElo "1814"]
[BlackElo "2062"]
[PlyCount "114"]
[EventDate "2018.??.??"]

1. e4 c5 2. Nc3 Nc6 3. g3 g6 4. d3 Bg7 5. Bg2 e6 6. Nh3 Rb8 7. O-O b5 8. Rb1 b4
9. Ne2 d6 10. Be3 Qa5 11. Qd2 Nd4 12. Bxd4 cxd4 13. a3 Ne7 14. axb4 Qxb4 15. c3
Qb6 16. cxd4 Nc6 17. d5 exd5 18. exd5 Nb4 19. d4 O-O 20. Nhf4 Bf5 21. Rbc1 Rfc8
22. h3 h5 23. Rfd1 Bc2 24. Rf1 Ba4 25. Nc3 Bb3 26. Nce2 Nc2 27. Qd3 Rc4 28. Be4
Qd8 29. Qd2 Rbc8 30. Bd3 Nxd4 31. Nxd4 Rxc1 32. Nxb3 Rxf1+ 33. Bxf1 Qb6 34. Qd3
Rb8 35. Nd2 Bxb2 36. Nc4 Bf6 37. Qa3 Qc7 38. Qxd6 Qxd6 39. Nxd6 a5 40. Nb5 a4
41. d6 Kf8 42. Nd5 Bb2 43. d7 a3 44. Bc4 Rd8 45. Nb6 Ke7 46. Bd5 Rb8 47. Na7
Rxb6 48. Nc8+ Kxd7 49. Nxb6+ Kc7 50. Na4 Bd4 51. Bxf7 Kc6 52. Kf1 Kb5 53. Ke2
Kxa4 54. f3 h4 55. gxh4 Bf6 56. h5 gxh5 57. Kd3 Kb4 1/2-1/2

[Event "XXIX Miedzynarodowy Festiwal Szachowy CRACOVIA-2018 Grupa B"]
[Site "Krakow, Hotel Galaxy, ul. Gesia 22a"]
[Date "2018.??.??"]
[Round "4.48"]
[White "Raclawicki, Kacper"]
[Black "Koziorowicz, Michal"]
[Result "0-1"]
[WhiteElo "1794"]
[BlackElo "1872"]
[PlyCount "94"]
[EventDate "2018.??.??"]

1. g3 g6 2. Bg2 Bg7 3. c4 e5 4. Nc3 d6 5. Nf3 Nf6 6. d4 Nbd7 7. O-O O-O 8. e4
Qe7 9. Bg5 c6 10. Qd2 Re8 11. Rad1 Nf8 12. d5 c5 13. Ne1 Qc7 14. f4 N6d7 15. f5
f6 16. Bh6 a6 17. h4 Rb8 18. fxg6 hxg6 19. Bxg7 Kxg7 20. h5 b5 21. Nf3 Nb6 22.
cxb5 axb5 23. Nxb5 Qd7 24. Na3 g5 25. Nxg5 fxg5 26. Qxg5+ Kh8 27. Rf6 Nh7 28.
Qh6 Qg7 29. Rxd6 Na4 30. Nc4 Bg4 31. Qxg7+ Kxg7 32. Rg6+ Kh8 33. Rxg4 Nxb2 34.
Nd6 Nf6 35. Nxe8 Nxg4 36. Rb1 c4 37. Nc7 Ne3 38. Rc1 Nd3 39. Rc3 Rb1+ 40. Kh2
Rb2 41. d6 Rxg2+ 42. Kh3 Nf2+ 43. Kh4 Rh2+ 44. Kg5 Nxe4+ 45. Kg6 Nxc3 46. h6
Rd2 47. Ne8 Ne4 0-1

[Event "XXIX Miedzynarodowy Festiwal Szachowy CRACOVIA-2018 Grupa B"]
[Site "Krakow, Hotel Galaxy, ul. Gesia 22a"]
[Date "2018.??.??"]
[Round "4.49"]
[White "Rogala, Milosz"]
[Black "Gorecki, Grzegorz"]
[Result "1-0"]
[WhiteElo "1738"]
[BlackElo "1867"]
[PlyCount "91"]
[EventDate "2018.??.??"]

1. e4 c6 2. d4 d5 3. Nc3 dxe4 4. Nxe4 Bf5 5. Ng3 Bg6 6. Nh3 Nf6 7. Nf4 e6 8. h4
Bd6 9. h5 Bf5 10. Nxf5 exf5 11. Qe2+ Qe7 12. Qxe7+ Bxe7 13. Bd3 c5 14. Be3 cxd4
15. Bxd4 Nc6 16. Be3 Ne4 17. f3 Nd6 18. Nd5 O-O 19. Nxe7+ Nxe7 20. Bf4 Rfe8 21.
O-O-O Rad8 22. Rhe1 Nec8 23. Rxe8+ Rxe8 24. c3 a6 25. Bc2 Nc4 26. Bxf5 g6 27.
hxg6 hxg6 28. Bd7 Rd8 29. Bg5 Rf8 30. b3 N4b6 31. Bxc8 Rxc8 32. Rd8+ Rxd8 33.
Bxd8 Nd5 34. Kd2 Kf8 35. Bg5 Ne7 36. Bxe7+ Kxe7 37. Ke3 Ke6 38. Ke4 f6 39. g3
b6 40. a3 Kd6 41. Kd4 f5 42. f4 Ke6 43. c4 a5 44. c5 b5 45. b4 a4 46. c6 1-0

[Event "XXIX Miedzynarodowy Festiwal Szachowy CRACOVIA-2018 Grupa B"]
[Site "Krakow, Hotel Galaxy, ul. Gesia 22a"]
[Date "2018.??.??"]
[Round "4.55"]
[White "Borowski, Przemyslaw"]
[Black "Wasik, Mateusz"]
[Result "0-1"]
[WhiteElo "1817"]
[BlackElo "1693"]
[PlyCount "62"]
[EventDate "2018.??.??"]

1. d4 d5 2. c4 e6 3. Nc3 c6 4. Bf4 dxc4 5. e3 b5 6. Nf3 Nf6 7. Be2 Bb4 8. O-O
Bxc3 9. bxc3 Nd5 10. Qc2 Nxf4 11. exf4 Qc7 12. g3 O-O 13. Rfb1 Nd7 14. a4 Rb8
15. Rb4 a6 16. Rab1 Bb7 17. Ng5 Nf6 18. axb5 cxb5 19. Bxc4 h6 20. Bd3 hxg5 21.
fxg5 Qc6 22. d5 Qxd5 23. Kf1 Qxg5 24. Rh4 g6 25. Rbb4 e5 26. f4 exf4 27. Rbxf4
Rbd8 28. Bf5 Rd5 29. Bh3 Rfd8 30. Qb3 Rd1+ 31. Ke2 R8d2+ 0-1

[Event "XXIX Miedzynarodowy Festiwal Szachowy CRACOVIA-2018 Grupa B"]
[Site "Krakow, Hotel Galaxy, ul. Gesia 22a"]
[Date "2018.??.??"]
[Round "4.56"]
[White "Krawczyk, Flawian"]
[Black "Kalosha, Zhiulien Oleksii"]
[Result "1-0"]
[WhiteElo "1641"]
[BlackElo "1795"]
[PlyCount "51"]
[EventDate "2018.??.??"]

1. e4 e5 2. Nf3 Nc6 3. Bb5 a6 4. Ba4 Nf6 5. d4 b5 6. Bb3 Nxd4 7. Nxd4 exd4 8.
e5 Bb4+ 9. c3 dxc3 10. bxc3 O-O 11. cxb4 Qe7 12. Bb2 d6 13. O-O dxe5 14. Re1
Rd8 15. Qf3 Bg4 16. Qe3 Qxb4 17. h3 Bf5 18. Bc3 Qh4 19. Nd2 Rd3 20. Nf3 Qh5 21.
Qxe5 c5 22. Bd1 Rd5 23. Qf4 Nd7 24. Nh4 Rxd1 25. Raxd1 Be6 26. Nf3 1-0

[Event "XXIX Miedzynarodowy Festiwal Szachowy CRACOVIA-2018 Grupa B"]
[Site "Krakow, Hotel Galaxy, ul. Gesia 22a"]
[Date "2018.??.??"]
[Round "4.60"]
[White "Kruczynski, Marek"]
[Black "Alothman, Salem"]
[Result "1-0"]
[WhiteElo "1744"]
[BlackElo "1593"]
[PlyCount "67"]
[EventDate "2018.??.??"]

1. e4 e5 2. Nc3 Nc6 3. Bc4 Bc5 4. d3 d6 5. f4 Bxg1 6. Rxg1 Qh4+ 7. Kf1 Bg4 8.
Qd2 Qxh2 9. Qf2 O-O-O 10. b4 Nf6 11. Nd5 Nxd5 12. Bxd5 Nd4 13. Bb2 Ne2 14. f5
f6 15. Qxa7 Qxg1+ 16. Qxg1 Nxg1 17. Kxg1 g6 18. Be6+ Kb8 19. Kf2 b6 20. b5 g5
21. Kg3 Bh5 22. a4 Be8 23. c4 c5 24. a5 bxa5 25. Rxa5 Bd7 26. Bd5 Rc8 27. Bc3
Kc7 28. Ra7+ Kd8 29. Ba5+ Ke7 30. Be6 Rhd8 31. Bxd8+ Rxd8 32. b6 Ke8 33. Bxd7+
Rxd7 34. b7 1-0

[Event "XXIX Miedzynarodowy Festiwal Szachowy CRACOVIA-2018 Grupa B"]
[Site "Krakow, Hotel Galaxy, ul. Gesia 22a"]
[Date "2018.12.29"]
[Round "4.9"]
[White "Szczecina, Kamil"]
[Black "Bachor, Tomasz"]
[Result "1/2-1/2"]
[WhiteElo "1986"]
[BlackElo "1854"]
[PlyCount "50"]
[EventDate "2018.??.??"]

1. e4 c5 2. Nf3 g6 3. d3 Bg7 4. g3 Nc6 5. Bg2 e6 6. O-O Nge7 7. c3 O-O 8. Nh4
d6 9. f4 f5 10. Be3 b6 11. Na3 d5 12. e5 g5 13. Nf3 g4 14. Ne1 Bb7 15. Nec2 a5
16. Qd2 Nc8 17. Nb5 Rf7 18. d4 c4 19. b3 cxb3 20. axb3 Ba6 21. Nca3 N6a7 22. c4
Bxb5 23. Nxb5 Nxb5 24. cxb5 Qe8 25. Qd3 Bf8 1/2-1/2

[Event "XXIX Miedzynarodowy Festiwal Szachowy CRACOVIA-2018 Grupa B"]
[Site "Krakow, Hotel Galaxy, ul. Gesia 22a"]
[Date "2018.12.29"]
[Round "4.10"]
[White "Landl, Margot"]
[Black "Goraj, Barbara"]
[Result "1/2-1/2"]
[WhiteElo "1975"]
[BlackElo "1786"]
[PlyCount "56"]
[EventDate "2018.??.??"]

1. e4 c5 2. Nc3 Nc6 3. g3 g6 4. Bg2 Bg7 5. d3 e6 6. Be3 d6 7. Qd2 Nd4 8. Nd1
Ne7 9. c3 Ndc6 10. Bh6 O-O 11. Bxg7 Kxg7 12. f4 Rb8 13. Ne2 b5 14. O-O Qb6 15.
Ne3 f5 16. Rad1 Bb7 17. d4 Rbd8 18. d5 exd5 19. exf5 d4 20. cxd4 Nxd4 21. Nxd4
cxd4 22. Qxd4+ Qxd4 23. Rxd4 Bxg2 24. Kxg2 Nxf5 25. Nxf5+ Rxf5 26. Rfd1 Rf6 27.
Rc1 Rd7 28. Rc6 Re6 1/2-1/2

[Event "XXIX Miedzynarodowy Festiwal Szachowy CRACOVIA-2018 Grupa B"]
[Site "Krakow, Hotel Galaxy, ul. Gesia 22a"]
[Date "2018.12.29"]
[Round "4.11"]
[White "Popescu, Florin"]
[Black "Kepowicz, Artur"]
[Result "1/2-1/2"]
[WhiteElo "2099"]
[BlackElo "1869"]
[PlyCount "62"]
[EventDate "2018.??.??"]

1. d4 Nf6 2. Nf3 e6 3. e3 d5 4. Bd3 c5 5. b3 Nbd7 6. O-O Be7 7. Bb2 O-O 8. Nbd2
b6 9. Ne5 Bb7 10. Qf3 Ne8 11. Qh3 f5 12. Rad1 Nd6 13. c4 Rf6 14. Qh5 Rh6 15.
Qe2 Qe8 16. cxd5 exd5 17. Nxd7 Qxd7 18. Nf3 Qe6 19. Ne5 Rf8 20. f4 Rc8 21. Rc1
Rf6 22. Rc2 Rff8 23. Rfc1 Ne4 24. Qh5 Bd6 25. Qh4 cxd4 26. Rxc8 Rxc8 27. Rxc8+
Qxc8 28. exd4 Bf8 29. h3 Qe6 30. Qd8 Qc8 31. Qh4 Qe6 1/2-1/2

[Event "XXIX Miedzynarodowy Festiwal Szachowy CRACOVIA-2018 Grupa B"]
[Site "Krakow, Hotel Galaxy, ul. Gesia 22a"]
[Date "2018.12.29"]
[Round "4.12"]
[White "Grishchenko, Mihail"]
[Black "Kusnetsov, Igor"]
[Result "0-1"]
[WhiteElo "1936"]
[BlackElo "2094"]
[PlyCount "86"]
[EventDate "2018.??.??"]

1. e4 e5 2. Nc3 Bc5 3. Nf3 Nc6 4. Bc4 Nf6 5. h3 d6 6. d3 a6 7. a3 Be6 8. Bxe6
fxe6 9. Qe2 O-O 10. Be3 Bd4 11. Bxd4 exd4 12. Nb1 Nh5 13. g3 Qf6 14. Nbd2 b5
15. Rc1 b4 16. axb4 Nxb4 17. O-O e5 18. c3 dxc3 19. bxc3 Nc6 20. d4 Qf7 21. d5
Nd8 22. Ra1 Qg6 23. Kh2 Nb7 24. Nh4 Qf7 25. Ng2 Nc5 26. f4 exf4 27. gxf4 Rfe8
28. c4 Qg6 29. f5 Qg3+ 30. Kg1 Qxh3 31. Rf3 Ng3 32. Rxg3 Qxg3 33. Rf1 Rab8 34.
f6 Rf8 35. Rf3 Qg4 36. e5 Qd4+ 37. Rf2 Nd3 38. Nf3 Qxf2+ 39. Qxf2 Nxf2 40. Kxf2
dxe5 41. Nxe5 Rxf6+ 42. Ke3 a5 43. Kd4 Rf2 0-1

[Event "XXIX Miedzynarodowy Festiwal Szachowy CRACOVIA-2018 Grupa B"]
[Site "Krakow, Hotel Galaxy, ul. Gesia 22a"]
[Date "2018.12.29"]
[Round "4.13"]
[White "Romashov, Anton"]
[Black "Zeliantsova, Kseniya"]
[Result "1/2-1/2"]
[WhiteElo "2076"]
[BlackElo "1858"]
[PlyCount "41"]
[EventDate "2018.??.??"]

1. Nf3 Nf6 2. g3 g6 3. Bg2 Bg7 4. O-O O-O 5. d3 d5 6. c4 c5 7. Nc3 Nc6 8. Bg5
d4 9. Na4 Qd6 10. Qd2 Re8 11. a3 Rb8 12. b4 b6 13. Rab1 Nd7 14. Bh6 e5 15. bxc5
bxc5 16. Rxb8 Ndxb8 17. Bxg7 Kxg7 18. Ng5 f5 19. Bd5 Nd8 20. Qa5 Na6 21. Rb1
1/2-1/2

[Event "XXIX Miedzynarodowy Festiwal Szachowy CRACOVIA-2018 Grupa B"]
[Site "Krakow, Hotel Galaxy, ul. Gesia 22a"]
[Date "2018.12.29"]
[Round "4.14"]
[White "Hasterok, Mateusz"]
[Black "Siprashvili, Ivane"]
[Result "0-1"]
[WhiteElo "1884"]
[BlackElo "2074"]
[PlyCount "120"]
[EventDate "2018.??.??"]

1. d4 Nf6 2. c4 c5 3. d5 b5 4. cxb5 a6 5. b6 Qxb6 6. Nc3 d6 7. e4 g6 8. Nf3 Bg7
9. Be2 Nbd7 10. O-O O-O 11. h3 Ne8 12. Nd2 Qd8 13. a4 Rb8 14. Qc2 Nb6 15. Nc4
Nxc4 16. Bxc4 Nc7 17. Be3 e6 18. Rab1 exd5 19. exd5 Qh4 20. Qe4 Qxe4 21. Nxe4
Bf5 22. f3 Bxe4 23. fxe4 Rfe8 24. Bf4 Be5 25. b3 Rbd8 26. Rbe1 Kg7 27. Bd2 Re7
28. Rf3 Ra8 29. Ref1 f6 30. Bd3 a5 31. Bf4 Bxf4 32. Rxf4 Rf8 33. g4 Re5 34. h4
h6 35. Kh2 Na8 36. Kg3 Nb6 37. R1f2 Nc8 38. Rh2 Ne7 39. h5 g5 40. Rf3 Nc8 41.
Re2 Nb6 42. Bb5 Re7 43. Kg2 Nd7 44. Bxd7 Rxd7 45. Kg3 Rb7 46. Kf2 Rb4 47. Ree3
Rfb8 48. Kg3 Re8 49. Re2 Rexe4 50. Rxe4 Rxe4 51. Rd3 f5 52. gxf5 Kf6 53. Rf3
Re5 54. Rd3 Rxf5 55. Kg4 Rf4+ 56. Kg3 Ke5 57. Rd1 Rh4 58. Rd2 Rxh5 59. Re2+
Kxd5 60. Kg4 Rh4+ 0-1